[Event "FRA-chT Top 16 GpA"]
[Site "Chartres"]
[Date "2023.06.04"]
[Round "4.2"]
[White "Grandelius, Nils"]
[Black "Shchekachev, Andrei"]
[Result "1-0"]
[WhiteElo "2664"]
[BlackElo "2508"]
[PlyCount "107"]
[EventDate "2023.06.01"]
[EventType "team-tourn"]
[EventRounds "7"]
[EventCountry "FRA"]
[SourceTitle "CBM 214 Extra"]
[Source "ChessBase"]
[SourceDate "2023.07.31"]
[SourceVersion "1"]
[SourceVersionDate "2023.07.31"]
[SourceQuality "1"]
[WhiteTeam "Chalon"]
[BlackTeam "Tremblay en France"]
[WhiteTeamCountry "FRA"]
[BlackTeamCountry "FRA"]

1. e4 c5 2. Nf3 e6 3. d4 cxd4 4. Nxd4 a6 5. Bd3 Bc5 6. Nb3 Ba7 7. Qe2 Ne7 8. Be3 0-0 9. Bxa7 Rxa7 10. Nc3 Nbc6 11. f4 d6 12. 0-0-0 Qc7 13. Qh5 Nb4 14. Kb1 b5 15. a3 Nxd3 16. Rxd3 Ng6 17. g3 Rb7 18. Rhd1 Rb6 19. R1d2 Bb7 20. Qd1 Rd8 21. h4 Ne7 22. h5 h6 23. g4 b4 24. axb4 Rxb4 25. Qe2 a5 26. Rd4 Qb6 27. Na4 Qc6 28. Nac5 Ba8 29. Rxb4 axb4 30. Rd4 Rc8 31. Nd3 Qa6 32. Qe1 d5 33. Nxb4 Qa7 34. e5 Bb7 35. Qe3 Qb6 36. Qd2 Ba6 37. Nxa6 Qxa6 38. Qd3 Qb6 39. Qf1 Nc6 40. Ra4 Nb4 41. c3 Nc6 42. Qa6 Qg1+ 43. Ka2 Rc7 44. Qb5 Kh7 45. Ra6 Ne7 46. Qb8 Qf1 47. Ra7 Rxa7+ 48. Qxa7 Nc8 49. Qb7 Qxf4 50. Nd4 Qxg4 51. Qxf7 Qd1 52. Qg6+ Kh8 53. Qe8+ Kh7 54. Nxe6 1-0

[Event "Santiago de Compostela Bicapawn GP Rap"]
[Site "Santiago de Compostela"]
[Date "2022.10.22"]
[Round "2"]
[White "Cordido Sixto, Pablo"]
[Black "Shchekachev, Andrei"]
[Result "0-1"]
[WhiteElo "1917"]
[BlackElo "2510"]
[PlyCount "92"]
[EventDate "2022.10.22"]
[EventType "swiss (rapid)"]
[EventRounds "9"]
[EventCountry "ESP"]
[SourceTitle "CBM 210 Extra"]
[Source "ChessBase"]
[SourceDate "2022.11.30"]
[SourceVersion "1"]
[SourceVersionDate "2022.11.30"]
[SourceQuality "1"]

1. d4 g6 2. c4 Bg7 3. e4 Nc6 4. Nf3 d6 5. Be2 Bg4 6. Be3 e5 7. d5 Bxf3 8. Bxf3 Nd4 9. Nc3 c5 10. 0-0 Ne7 11. Be2 0-0 12. Bd3 Kh8 13. Bg5 f6 14. Bh4 Qd7 15. Bg3 Bh6 16. f4 exf4 17. Bxf4 Bxf4 18. Rxf4 Ng8 19. Qd2 Qe7 20. Raf1 Kg7 21. Nd1 Qe5 22. Ne3 h5 23. b4 b6 24. h4 Nh6 25. g4 Rae8 26. Qg2 Kh7 27. g5 Ng8 28. gxf6 Rxf6 29. Qg5 Qxg5+ 30. hxg5 Rxf4 31. Rxf4 Kg7 32. bxc5 bxc5 33. Rf2 Re5 34. Rb2 Nf3+ 35. Kf2 Nxg5 36. Rb7+ Re7 37. Rb8 Nf6 38. Rd8 Rd7 39. Rb8 Nfxe4+ 40. Bxe4 Nxe4+ 41. Kf3 Ng5+ 42. Kf4 Nf7 43. Nd1 Ne5 44. Nc3 Nxc4 45. Ne4 Nb6 46. Ng5 Nxd5+ 0-1

[Event "Santiago de Compostela Bicapawn GP Rap"]
[Site "Santiago de Compostela"]
[Date "2022.10.22"]
[Round "3"]
[White "Shchekachev, Andrei"]
[Black "Fernandez de Bobadilla, Gabriel"]
[Result "1-0"]
[WhiteElo "2510"]
[BlackElo "2162"]
[PlyCount "63"]
[EventDate "2022.10.22"]
[EventType "swiss (rapid)"]
[EventRounds "9"]
[EventCountry "ESP"]
[SourceTitle "CBM 210 Extra"]
[Source "ChessBase"]
[SourceDate "2022.11.30"]
[SourceVersion "1"]
[SourceVersionDate "2022.11.30"]
[SourceQuality "1"]

1. Nf3 Nf6 2. c4 e6 3. Nc3 d5 4. e3 Be7 5. b3 0-0 6. Bb2 c5 7. cxd5 Nxd5 8. Qc2 Nxc3 9. dxc3 Nd7 10. Bd3 Nf6 11. e4 g6 12. e5 Nd5 13. Be4 Bd7 14. h4 Be8 15. h5 Qc7 16. Qd2 f5 17. Bxd5 exd5 18. Qxd5+ Kg7 19. hxg6 hxg6 20. Qd2 f4 21. c4 Rd8 22. Qe2 Kg8 23. Kf1 Rf7 24. e6 Rh7 25. Rxh7 Kxh7 26. Re1 Bc6 27. Ne5 f3 28. gxf3 Rf8 29. Kg2 Rf5 30. Rh1+ Rh5 31. Rxh5+ gxh5 32. Qd3+ 1-0

[Event "Santiago de Compostela Bicapawn GP B4"]
[Site "Santiago de Compostela"]
[Date "2022.10.21"]
[Round "3"]
[White "Ibarra Jerez, Jose Carlos"]
[Black "Shchekachev, Andrei"]
[Result "1-0"]
[WhiteElo "2556"]
[BlackElo "2510"]
[PlyCount "95"]
[EventDate "2022.10.21"]
[EventType "swiss (blitz)"]
[EventRounds "9"]
[EventCountry "ESP"]
[SourceTitle "CBM 210 Extra"]
[Source "ChessBase"]
[SourceDate "2022.11.30"]
[SourceVersion "1"]
[SourceVersionDate "2022.11.30"]
[SourceQuality "1"]

1. e4 c5 2. Nc3 e6 3. Nf3 a6 4. d4 cxd4 5. Nxd4 d6 6. Be3 Nf6 7. f3 Be7 8. g4 Nc6 9. Qd2 0-0 10. 0-0-0 Nxd4 11. Qxd4 Nd7 12. h4 b5 13. g5 Qa5 14. Kb1 Ne5 15. f4 Ng4 16. Qb6 Qxb6 17. Bxb6 b4 18. Ne2 Rb8 19. Ba7 Ra8 20. Bg1 Bb7 21. Bg2 f5 22. Nd4 Bxe4 23. Bxe4 fxe4 24. Nxe6 Rf5 25. Bd4 Kf7 26. Nxg7 Rxf4 27. Rdf1 Rf3 28. Rxf3+ exf3 29. Rf1 f2 30. Nf5 Bf8 31. Ne3 Nxe3 32. Rxf2+ Kg6 33. Bxe3 Re8 34. Bd2 d5 35. c3 bxc3 36. bxc3 Bc5 37. Rf6+ Kg7 38. h5 Re2 39. Kc1 Rg2 40. Rxa6 Rh2 41. h6+ Kf7 42. Rc6 Ba3+ 43. Kc2 Be7 44. Kd3 Rh3+ 45. Kd4 Rh2 46. Bf4 Rh4 47. Ke5 Rh1 48. Kxd5 1-0

[Event "Santiago de Compostela Bicapawn GP B3"]
[Site "Santiago de Compostela"]
[Date "2022.10.20"]
[Round "6"]
[White "Abuin Boullon, Manuel Angel"]
[Black "Shchekachev, Andrei"]
[Result "0-1"]
[WhiteElo "2111"]
[BlackElo "2510"]
[PlyCount "52"]
[EventDate "2022.10.20"]
[EventType "swiss (blitz)"]
[EventRounds "9"]
[EventCountry "ESP"]
[SourceTitle "CBM 210 Extra"]
[Source "ChessBase"]
[SourceDate "2022.11.30"]
[SourceVersion "1"]
[SourceVersionDate "2022.11.30"]
[SourceQuality "1"]

1. e4 g6 2. d4 Bg7 3. Nf3 d6 4. Bc4 e6 5. Nc3 a6 6. a4 b6 7. 0-0 Bb7 8. Bg5 Ne7 9. Qe2 Nd7 10. Rad1 h6 11. Bh4 g5 12. Bg3 Ng6 13. d5 e5 14. Qd2 h5 15. Nxg5 h4 16. Ne6 fxe6 17. dxe6 Ndf8 18. Nd5 Nxe6 19. Nxb6 cxb6 20. Bxe6 Bh6 21. Qe2 Qg5 22. Rxd6 hxg3 23. fxg3 Qe3+ 24. Qxe3 Bxe3+ 25. Kh1 Ke7 26. Rfd1 Bd4 0-1

[Event "Santiago de Compostela Bicapawn GP B3"]
[Site "Santiago de Compostela"]
[Date "2022.10.20"]
[Round "3"]
[White "Shchekachev, Andrei"]
[Black "Petrosyan, Manuel"]
[Result "1-0"]
[WhiteElo "2510"]
[BlackElo "2609"]
[PlyCount "105"]
[EventDate "2022.10.20"]
[EventType "swiss (blitz)"]
[EventRounds "9"]
[EventCountry "ESP"]
[SourceTitle "CBM 210 Extra"]
[Source "ChessBase"]
[SourceDate "2022.11.30"]
[SourceVersion "1"]
[SourceVersionDate "2022.11.30"]
[SourceQuality "1"]

1. Nf3 d5 2. e3 Nf6 3. c4 e6 4. b3 Bd6 5. Bb2 0-0 6. g3 Re8 7. d4 b6 8. Bg2 Bb7 9. 0-0 Nbd7 10. cxd5 exd5 11. Nc3 a6 12. Rc1 Qe7 13. Re1 Rad8 14. Re2 Nf8 15. Rec2 Ng6 16. Ne2 Ne4 17. Ne5 f6 18. Nc6 Bxc6 19. Rxc6 Qd7 20. Qd3 Ne7 21. R6c2 Qf5 22. Nf4 g5 23. Bh3 g4 24. Bg2 Ng6 25. Qxa6 Nxf4 26. exf4 h5 27. Qb5 h4 28. a4 h3 29. Bf1 Qe6 30. Qe2 f5 31. Qd1 Qf7 32. Bb5 Re7 33. Bc6 Nf6 34. Re2 Rf8 35. Re5 Kg7 36. Rxf5 Qe6 37. Rg5+ Kh6 38. Re5 Bxe5 39. dxe5 Nh5 40. Ba3 Ref7 41. Bxd5 Qf5 42. Bxf8+ Rxf8 43. Rc6+ Kg7 44. Rxc7+ Kh8 45. Bc4 Nxf4 46. gxf4 Qxf4 47. Qe1 Re8 48. Rf7 Qg5 49. e6 Kg8 50. e7 Kh8 51. Rf8+ Kg7 52. Rxe8 Qc5 53. Rg8+ 1-0

[Event "Santiago de Compostela Bicapawn GP B1"]
[Site "Santiago de Compostela"]
[Date "2022.10.19"]
[Round "9"]
[White "Shchekachev, Andrei"]
[Black "Portela Peleteiro, Alberto"]
[Result "0-1"]
[WhiteElo "2510"]
[BlackElo "2348"]
[PlyCount "60"]
[EventDate "2022.10.19"]
[EventType "swiss (blitz)"]
[EventRounds "9"]
[EventCountry "ESP"]
[SourceTitle "EXT 2024"]
[Source "ChessBase"]
[SourceDate "2023.10.10"]
[SourceVersion "1"]
[SourceVersionDate "2023.10.10"]
[SourceQuality "1"]

1. Nf3 d6 2. d4 g6 3. e4 Bg7 4. Nc3 a6 5. Be3 b5 6. Bd3 Bb7 7. a4 b4 8. Nb1 Nd7 9. Nbd2 Ngf6 10. c3 a5 11. 0-0 0-0 12. h3 c5 13. Re1 Qc7 14. Bf4 e5 15. dxe5 dxe5 16. Bh2 Nh5 17. Bb5 Nb6 18. Nc4 Nxc4 19. Bxc4 Rad8 20. Qb3 Nf4 21. Bxf4 exf4 22. Rad1 Rxd1 23. Rxd1 Bxe4 24. Ng5 Bc6 25. Bxf7+ Rxf7 26. Rd8+ Qxd8 27. Qxf7+ Kh8 28. Qxg7+ Kxg7 29. Ne6+ Kf6 30. Nxd8 Ba8 0-1

[Event "FRA Cup"]
[Site "Paris"]
[Date "2022.06.25"]
[Round "1.1"]
[White "Shchekachev, Andrei"]
[Black "Delorme, Axel"]
[Result "1/2-1/2"]
[WhiteElo "2507"]
[BlackElo "2464"]
[PlyCount "97"]
[EventDate "2022.06.25"]
[EventType "team-k.o."]
[EventRounds "2"]
[EventCountry "FRA"]
[SourceTitle "EXT 2023"]
[Source "ChessBase"]
[SourceDate "2022.10.05"]
[SourceVersion "1"]
[SourceVersionDate "2022.10.05"]
[SourceQuality "1"]
[WhiteTeam "Tremblay en France"]
[BlackTeam "Clichy Echecs 92"]
[WhiteTeamCountry "FRA"]
[BlackTeamCountry "FRA"]

1. Nf3 d5 2. e3 Nf6 3. c4 e6 4. Nc3 c5 5. cxd5 Nxd5 6. Bc4 Be7 7. 0-0 0-0 8. Qe2 Nc6 9. Rd1 Nb6 10. Bb3 e5 11. h3 Bf5 12. e4 Be6 13. Bxe6 fxe6 14. d3 Nd4 15. Nxd4 cxd4 16. Nb1 Rc8 17. Nd2 Rc2 18. Rf1 Bg5 19. Qd1 Qc7 20. Nf3 Be7 21. Ne1 Rc6 22. Bd2 Nd7 23. b4 b5 24. a4 Rb8 25. Nf3 a6 26. Qb3 bxa4 27. Qxa4 Rbb6 28. Rfc1 Qb7 29. Rxc6 Rxc6 30. g3 h6 31. h4 Rb6 32. Kg2 Bxb4 33. Bxb4 Rxb4 34. Qxa6 Qxa6 35. Ra3 Qa5 36. Rxa5 Kf7 37. Ra7 Ke8 38. h5 Rb3 39. Ra8+ Ke7 40. Ra7 Kd6 41. Nd2 Rb5 42. Nc4+ Ke7 43. g4 Kd8 44. f3 Rb1 45. Kf2 Rd1 46. Ke2 Rh1 47. Kf2 Rd1 48. Ke2 Rh1 49. Kf2 1/2-1/2

[Event "FRA-chT Top 16 GpA"]
[Site "Chartres"]
[Date "2022.06.09"]
[Round "1.4"]
[White "Shchekachev, Andrei"]
[Black "Demuth, Adrien"]
[Result "1/2-1/2"]
[WhiteElo "2507"]
[BlackElo "2492"]
[PlyCount "56"]
[EventDate "2022.06.09"]
[EventType "team-tourn"]
[EventRounds "7"]
[EventCountry "FRA"]
[SourceTitle "CBM 208 Extra"]
[Source "ChessBase"]
[SourceDate "2022.07.31"]
[SourceVersion "1"]
[SourceVersionDate "2022.07.31"]
[SourceQuality "1"]
[WhiteTeam "Tremblay en France"]
[BlackTeam "Grasse Echecs"]
[WhiteTeamCountry "FRA"]
[BlackTeamCountry "FRA"]

1. Nf3 Nf6 2. c4 g6 3. Nc3 Bg7 4. e4 d6 5. d4 0-0 6. Be2 e5 7. d5 a5 8. h3 Na6 9. Be3 Nh5 10. g3 f5 11. exf5 gxf5 12. Bg5 Qe8 13. Nh4 Nf6 14. g4 f4 15. Nf5 Bxf5 16. gxf5 Nc5 17. Rg1 Kh8 18. Nb5 Qd7 19. Qc2 c6 20. Nc3 cxd5 21. Bxf6 Rxf6 22. Nxd5 Qxf5 23. 0-0-0 Rf7 24. Qxf5 Rxf5 25. Bg4 Rf7 26. f3 e4 27. fxe4 Nxe4 28. Rgf1 Nf6 1/2-1/2